000 00298nam a2200133Ia 4500
100 _aDeopujari/U P
650 _aGeneral
942 _cBK
654 _aMaharashtra Conduct Rules
245 _aMaharashtra Conduct Rules
260 _bNagpur Law House
_aNagpur
300 _a175
546 _aENGLISH
999 _c32448
_d32448